[Event "DEM U18 2013"]
[Site "Oberhof GER"]
[Date "2013.05.23"]
[Round "7"]
[White "Stahnecker, Ludwig"]
[Black "Moritz, Aron"]
[Result "1/2-1/2"]
[Termination "normal"]
[Board "4"]
[WhiteElo "2109"]
[BlackElo "2192"]
[PlyCount "83"]
[WhiteFideId "24692026"]
[BlackFideId "24672319"]
[EventCountry "GER"]
[EventRounds "9"]
[EventType "swiss"]
[EventDate "2013.05.18"]

1. e4 g6 2. d4 Bg7 3. Nc3 d6 4. f4 Nf6 5. Nf3 O-O 6. Bd3 Na6 7. O-O c5 8. d5
Rb8 9. Qe2 Nc7 10. a4 a6 11. a5 Bd7 12. Bc4 Bb5 13. Nd2 Bxc4 14. Nxc4 e6 15.
dxe6 Nxe6 16. Qd3 Nxe4 17. Qxe4 Bxc3 18. bxc3 d5 19. Qe5 dxc4 20. f5 Ng7 21.
fxg6 hxg6 22. Bh6 f6 23. Qe4 Qe8 24. Qxc4+ Qf7 25. Qxc5 Rbc8 26. Qb4 Rc7 27.
Rad1 Re8 28. Qg4 f5 29. Qf3 Rc5 30. Rd6 Rxa5 31. Rfd1 Rae5 32. Qg3 R5e6 33. Rd7
R6e7 34. R7d6 Re6 35. Bg5 Rxd6 36. Rxd6 Ne6 37. Bh4 Nf8 38. Rf6 Qd7 39. Rxg6+
Nxg6 40. Qxg6+ Kf8 41. Qf6+ Kg8 42. Qg6+ 1/2-1/2

[Event "DEM U18 2013"]
[Site "Oberhof GER"]
[Date "2013.05.23"]
[Round "7"]
[White "Kügel, Tobias"]
[Black "Müller, Nick"]
[Result "1/2-1/2"]
[Termination "normal"]
[Board "5"]
[WhiteElo "2067"]
[BlackElo "2082"]
[PlyCount "87"]
[WhiteFideId "4636295"]
[BlackFideId "24692093"]
[EventCountry "GER"]
[EventRounds "9"]
[EventType "swiss"]
[EventDate "2013.05.18"]

1. e4 e5 2. Bc4 Nf6 3. Nf3 Nc6 4. Ng5 d5 5. exd5 Na5 6. Bb5+ c6 7. dxc6 bxc6 8.
Qf3 Rb8 9. Bd3 Bd6 10. Nc3 O-O 11. Nce4 Nxe4 12. Qxe4 g6 13. h4 Rb4 14. Qe3 h5
15. a3 Rd4 16. b4 Nc4 17. Qe2 Nb6 18. Bb2 Rxh4 19. Rxh4 Qxg5 20. g3 Na4 21.
O-O-O Nxb2 22. Kxb2 a5 23. Qe3 Qf6 24. c3 Bg4 25. Rf1 axb4 26. axb4 Ra8 27. Ra1
Rb8 28. Kc2 Kg7 29. Rhh1 Be6 30. Rhb1 Bc7 31. Rf1 Bb6 32. Qe2 Bc7 33. Be4 c5
34. bxc5 Bb3+ 35. Kc1 Qe7 36. Bc2 Be6 37. Qe3 Rb5 38. d4 exd4 39. cxd4 Qf6 40.
Rb1 Ra5 41. f4 Ra2 42. Rb2 Ra1+ 43. Rb1 Ra2 44. Rb2 1/2-1/2

[Event "DEM U18 2013"]
[Site "Oberhof GER"]
[Date "2013.05.23"]
[Round "7"]
[White "Powierski, Emil"]
[Black "Neumair, Jerome"]
[Result "1-0"]
[Termination "normal"]
[Board "6"]
[WhiteElo "2178"]
[BlackElo "2098"]
[PlyCount "75"]
[WhiteFideId "4656199"]
[BlackFideId "24672637"]
[EventCountry "GER"]
[EventRounds "9"]
[EventType "swiss"]
[EventDate "2013.05.18"]

1. e4 c5 2. Nf3 d6 3. d4 cxd4 4. Nxd4 Nf6 5. Nc3 Nc6 6. Bg5 e6 7. Qd2 a6 8.
O-O-O h6 9. Nxc6 bxc6 10. Bf4 d5 11. Qe3 Be7 12. Be2 O-O 13. h4 Nh7 14. Kb1 f5
15. exf5 exf5 16. Qg3 Kh8 17. Be5 Bf6 18. Bc7 Qd7 19. Na4 Qf7 20. Bd3 Bd4 21.
Bd6 Rd8 22. Be5 Ba7 23. Qf4 Kg8 24. g4 c5 25. g5 hxg5 26. hxg5 Qg6 27. Rh3 Be6
28. Rdh1 Nf8 29. Rh8+ Kf7 30. Be2 Nd7 31. Rxd8 Rxd8 32. Bh5 Nxe5 33. Qxe5 Qxh5
34. Rxh5 Bb8 35. g6+ Kxg6 36. Qxe6+ Kxh5 37. Qxf5+ g5 38. Nxc5 1-0

[Event "DEM U18 2013"]
[Site "Oberhof GER"]
[Date "2013.05.23"]
[Round "7"]
[White "Göbel, Constantin"]
[Black "Rührmund, Daniel"]
[Result "1-0"]
[Termination "normal"]
[Board "7"]
[WhiteElo "2245"]
[BlackElo "2106"]
[PlyCount "81"]
[WhiteFideId "24647071"]
[BlackFideId "24674583"]
[EventCountry "GER"]
[EventRounds "9"]
[EventType "swiss"]
[EventDate "2013.05.18"]

1. e4 c5 2. Nf3 e6 3. d4 cxd4 4. Nxd4 a6 5. Nc3 Qc7 6. Bd3 Nf6 7. f4 d6 8. Qf3
b5 9. O-O Bb7 10. g4 Be7 11. Be3 Nc6 12. g5 Nd7 13. Nxc6 Bxc6 14. f5 exf5 15.
Qxf5 Ne5 16. Bd4 O-O 17. Rae1 Qc8 18. Bxe5 dxe5 19. Qxe5 Qg4+ 20. Kh1 Rae8 21.
Rg1 Qf3+ 22. Rg2 Bb4 23. Qd4 Bxc3 24. bxc3 Qf4 25. Kg1 Re6 26. Rg3 Rfe8 27. e5
Qxd4+ 28. cxd4 Bd5 29. a4 Bc4 30. Bxc4 bxc4 31. Rb1 Kf8 32. Kf2 h6 33. h4 hxg5
34. hxg5 f6 35. gxf6 gxf6 36. Rf3 Kf7 37. Rb4 Rc8 38. Rb7+ Kg6 39. Rg3+ Kf5 40.
Ke3 Rcc6 41. Rb1 1-0

[Event "DEM U18 2013"]
[Site "Oberhof GER"]
[Date "2013.05.23"]
[Round "7"]
[White "Gibicar, Danijel"]
[Black "Grigorian, Spartak"]
[Result "1-0"]
[Termination "normal"]
[Board "8"]
[WhiteElo "2134"]
[BlackElo "2131"]
[PlyCount "73"]
[WhiteFideId "24660256"]
[BlackFideId "24661490"]
[EventCountry "GER"]
[EventRounds "9"]
[EventType "swiss"]
[EventDate "2013.05.18"]

1. d4 Nf6 2. c4 e6 3. g3 d5 4. Nf3 Bb4+ 5. Bd2 Be7 6. Bg2 c6 7. O-O O-O 8. Qc2
b6 9. Rd1 Ba6 10. b3 Nbd7 11. Bf4 Rc8 12. Nc3 b5 13. c5 b4 14. Na4 Bb5 15. a3
Ne4 16. Ne1 f5 17. f3 e5 18. fxe4 exf4 19. e5 fxg3 20. hxg3 Bg5 21. Bh3 f4 22.
Nf3 fxg3 23. Kg2 Bh6 24. Rh1 Rf4 25. Bf5 Bxe2 26. Be6+ Kh8 27. Qxe2 Rc7 28.
Bxd7 Rxd7 29. Rae1 Qf8 30. Rhf1 Rdf7 31. e6 R7f6 32. e7 Qe8 33. Qe5 Kg8 34. Qc7
Rxf3 35. Rxf3 Rxf3 36. Qd8 Rf8 37. exf8=Q+ 1-0

[Event "DEM U18 2013"]
[Site "Oberhof GER"]
[Date "2013.05.23"]
[Round "7"]
[White "Hacker, Jonas"]
[Black "Urban, Lars"]
[Result "1-0"]
[Termination "normal"]
[Board "9"]
[WhiteElo "1965"]
[BlackElo "2126"]
[PlyCount "131"]
[WhiteFideId "1270968"]
[BlackFideId "4644034"]
[EventCountry "GER"]
[EventRounds "9"]
[EventType "swiss"]
[EventDate "2013.05.18"]

1. e4 e6 2. d4 d5 3. Nc3 Nf6 4. e5 Nfd7 5. f4 c5 6. Nf3 Nc6 7. Be3 Be7 8. Qd2
O-O 9. Be2 a6 10. O-O b5 11. a3 Qb6 12. Kh1 cxd4 13. Nxd4 Bc5 14. Rad1 Bb7 15.
Bg1 Nxd4 16. Bxd4 Bxd4 17. Qxd4 Qxd4 18. Rxd4 Rac8 19. Re1 Rc7 20. a4 bxa4 21.
Rxa4 Rb8 22. Bd3 Bc6 23. Rxa6 Nc5 24. Ra5 Nxd3 25. cxd3 d4 26. Ne4 Bxe4 27.
dxe4 g5 28. f5 Rxb2 29. f6 h5 30. h3 Rcc2 31. Ra8+ Kh7 32. Rf8 Rxg2 33. Ra1
Rh2+ 34. Kg1 Rbg2+ 35. Kf1 Rb2 36. Kg1 Rhd2 37. Rxf7+ Kg6 38. Rg7+ Kh6 39. Rg8
Rb7 40. Rh8+ Kg6 41. Rg8+ Kh7 42. Rxg5 d3 43. Rf1 Kh6 44. Rg2 Rxg2+ 45. Kxg2
Kg6 46. Kf3 Kf7 47. Rd1 Rb5 48. Kf4 Rb3 49. Rd2 Ra3 50. h4 Rb3 51. Ke3 Rb5 52.
Kd4 Rb4+ 53. Kxd3 Rb3+ 54. Kd4 Rh3 55. Rg2 Rxh4 56. Rg7+ Kf8 57. Re7 Rh1 58.
Rxe6 h4 59. Ra6 h3 60. e6 Kg8 61. Ra8+ Kh7 62. Ke5 Rg1 63. Ra7+ Kh6 64. f7 Kg7
65. Ra8 Rf1 66. Rg8+ 1-0

[Event "DEM U18 2013"]
[Site "Oberhof GER"]
[Date "2013.05.23"]
[Round "7"]
[White "Stanau, Guido"]
[Black "Hebbering, Tom Elliot"]
[Result "1-0"]
[Termination "normal"]
[Board "10"]
[WhiteElo "2055"]
[BlackElo "2002"]
[PlyCount "79"]
[WhiteFideId "24692255"]
[BlackFideId "12901750"]
[EventCountry "GER"]
[EventRounds "9"]
[EventType "swiss"]
[EventDate "2013.05.18"]

1. e4 c5 2. Nf3 e6 3. c3 Nf6 4. e5 Nd5 5. d4 cxd4 6. cxd4 Nc6 7. a3 d6 8. exd6
Qxd6 9. Nc3 Be7 10. Bd3 O-O 11. Ne4 Qd8 12. O-O Nf6 13. Be3 Nxe4 14. Bxe4 Bf6
15. Qc2 Nxd4 16. Bxd4 Bxd4 17. Bxh7+ Kh8 18. Rad1 e5 19. Nxe5 Qb6 20. Nc4 Qh6
21. Rxd4 Qxh7 22. Qa4 Be6 23. Nd6 Kg8 24. Nxb7 Qg6 25. Qc6 Rfc8 26. Qf3 Rab8
27. Rfd1 Qc2 28. Nd6 Rd8 29. R4d2 Qc7 30. Qg3 Rd7 31. b4 Rbd8 32. h3 Bf5 33.
Qg5 g6 34. Nb5 Rxd2 35. Nxc7 Rxd1+ 36. Kh2 Rc8 37. Qf4 Rd7 38. Nb5 Rcd8 39. a4
a6 40. Nc7 1-0

[Event "DEM U18 2013"]
[Site "Oberhof GER"]
[Date "2013.05.23"]
[Round "7"]
[White "Mundorf, Johannes"]
[Black "Ehret, Thomas"]
[Result "1/2-1/2"]
[Termination "normal"]
[Board "11"]
[WhiteElo "2216"]
[BlackElo "2030"]
[PlyCount "59"]
[WhiteFideId "24672491"]
[BlackFideId "12939587"]
[EventCountry "GER"]
[EventRounds "9"]
[EventType "swiss"]
[EventDate "2013.05.18"]

1. Nf3 Nf6 2. c4 g6 3. Nc3 Bg7 4. e4 d6 5. d4 O-O 6. h3 e5 7. dxe5 dxe5 8. Qxd8
Rxd8 9. Nd5 Nxd5 10. cxd5 c6 11. Bc4 cxd5 12. Bxd5 Nd7 13. Bg5 Re8 14. Nd2 Nc5
15. Nc4 Bf8 16. Be3 Be6 17. Bxe6 Rxe6 18. Bxc5 Bxc5 19. Rc1 Rd8 20. Ke2 b5 21.
Ne3 Bd4 22. Rc2 Ra6 23. b3 Ra3 24. Nd5 a5 25. Rd1 Kg7 26. Rcd2 Rb8 27. Ne7 Rb7
28. Nc6 a4 29. b4 Rc3 30. Nxd4 1/2-1/2

[Event "DEM U18 2013"]
[Site "Oberhof GER"]
[Date "2013.05.23"]
[Round "7"]
[White "Perestjuk, Marko"]
[Black "Giraud, Valerian"]
[Result "1-0"]
[Termination "normal"]
[Board "12"]
[WhiteElo "2025"]
[BlackElo "1977"]
[PlyCount "55"]
[WhiteFideId "1270254"]
[BlackFideId "12920355"]
[EventCountry "GER"]
[EventRounds "9"]
[EventType "swiss"]
[EventDate "2013.05.18"]

1. e4 e6 2. d4 d5 3. Nd2 Nf6 4. e5 Nfd7 5. Bd3 c5 6. c3 Nc6 7. Ne2 cxd4 8. cxd4
f6 9. exf6 Nxf6 10. O-O Bd6 11. Nf3 Qc7 12. Bd2 O-O 13. Rc1 Bd7 14. Ng3 Bf4 15.
Bxf4 Qxf4 16. Re1 Rac8 17. Bb1 Ne7 18. Rxc8 Rxc8 19. Ne5 Bb5 20. a4 Ba6 21. b4
Bc4 22. Nf3 Nc6 23. Rxe6 Nxb4 24. Bf5 Bd3 25. Rxf6 Rc1 26. Be6+ Kh8 27. Rf8+
Qxf8 28. Qxc1 1-0

[Event "DEM U18 2013"]
[Site "Oberhof GER"]
[Date "2013.05.23"]
[Round "7"]
[White "Miller, Eduard"]
[Black "Holle, Cedric"]
[Result "1/2-1/2"]
[Termination "normal"]
[Board "13"]
[WhiteElo "2137"]
[BlackElo "1890"]
[PlyCount "59"]
[WhiteFideId "24687022"]
[BlackFideId "24692158"]
[EventCountry "GER"]
[EventRounds "9"]
[EventType "swiss"]
[EventDate "2013.05.18"]

1. Nf3 d5 2. g3 c6 3. Bg2 Bg4 4. O-O Nf6 5. d3 Nbd7 6. Nbd2 e5 7. h3 Bxf3 8.
Nxf3 Bc5 9. Nxe5 Nxe5 10. d4 Bd6 11. dxe5 Bxe5 12. Be3 O-O 13. Qd3 Re8 14. a4
Qe7 15. Ra3 Bxb2 16. Rb3 Be5 17. a5 Red8 18. Rfb1 Rd7 19. c4 h6 20. cxd5 Nxd5
21. Bxd5 cxd5 22. Bc1 Rb8 23. Rb5 Qe6 24. Qe3 Bd6 25. Qxe6 fxe6 26. Be3 b6 27.
axb6 axb6 28. Rxb6 Rxb6 29. Rxb6 Kf7 30. Bd4 1/2-1/2

[Event "DEM U18 2013"]
[Site "Oberhof GER"]
[Date "2013.05.23"]
[Round "7"]
[White "Sieber, Martin"]
[Black "Ispirjan, Mikael"]
[Result "1/2-1/2"]
[Termination "normal"]
[Board "14"]
[WhiteElo "1865"]
[BlackElo "1942"]
[PlyCount "73"]
[WhiteFideId "4649060"]
[BlackFideId "1271217"]
[EventCountry "GER"]
[EventRounds "9"]
[EventType "swiss"]
[EventDate "2013.05.18"]

1. e4 c6 2. c4 d5 3. exd5 cxd5 4. cxd5 Nf6 5. Nc3 Nxd5 6. Nf3 Nc6 7. Bb5 e6 8.
O-O Be7 9. d4 O-O 10. a3 Bf6 11. Be3 Nce7 12. Bd3 b6 13. Qc2 h6 14. Nxd5 Nxd5
15. Qc6 Rb8 16. Rac1 Bb7 17. Qa4 Qe7 18. Rc2 Rbc8 19. Rfc1 Rxc2 20. Rxc2 Rd8
21. Qxa7 e5 22. Ba6 Bxa6 23. Qxa6 Nxe3 24. fxe3 exd4 25. exd4 Rxd4 26. Qe2 Qxe2
27. Rxe2 Rd1+ 28. Kf2 Rb1 29. Re8+ Kh7 30. b4 Bb2 31. Ra8 Ra1 32. Ra6 Bxa3 33.
Rxb6 Rb1 34. Rb7 Bxb4 35. Rxf7 Rb2+ 36. Kg3 Bd6+ 37. Kh3 1/2-1/2

[Event "DEM U18 2013"]
[Site "Oberhof GER"]
[Date "2013.05.24"]
[Round "8"]
[White "Carow, Johannes"]
[Black "Möhn, Hans"]
[Result "1-0"]
[Termination "normal"]
[Board "1"]
[WhiteElo "2352"]
[BlackElo "2160"]
[PlyCount "131"]
[WhiteFideId "24692050"]
[BlackFideId "24647837"]
[EventCountry "GER"]
[EventRounds "9"]
[EventType "swiss"]
[EventDate "2013.05.18"]

1. d4 Nf6 2. c4 g6 3. Nc3 Bg7 4. e4 d6 5. f3 O-O 6. Be3 a6 7. Bd3 Nbd7 8. Nge2
c5 9. Qd2 b6 10. O-O Bb7 11. Rad1 e6 12. dxc5 dxc5 13. Bf4 Qc8 14. Bd6 Rd8 15.
e5 Ne8 16. Be7 Nxe5 17. Bxd8 Qxd8 18. b3 Nf6 19. Bb1 Qxd2 20. Rxd2 Bf8 21. Ng3
Bc6 22. Nce4 Ne8 23. h3 Be7 24. Rfd1 Ra7 25. f4 Nd7 26. Nf2 f5 27. Bd3 Kf7 28.
Be2 e5 29. fxe5 Nxe5 30. Nd3 Nxd3 31. Rxd3 Bf6 32. Bf3 Bxf3 33. Rxf3 Re7 34.
Kf1 Nc7 35. Ne2 Ne6 36. Re3 Nd4 37. Rxe7+ Kxe7 38. Nxd4 Bxd4 39. b4 Kd6 40. Ke2
Ke5 41. bxc5 Bxc5 42. Rd7 h5 43. Rg7 Kf6 44. Ra7 a5 45. Kd3 Ke6 46. Ra8 Kf6 47.
Rd8 Ke5 48. Ke2 g5 49. g3 Kf6 50. h4 g4 51. Rh8 Kg6 52. Rc8 Kf6 53. Rh8 Kg6 54.
Kf1 f4 55. gxf4 Bd6 56. f5+ Kxf5 57. Rxh5+ Ke4 58. Rd5 Be5 59. h5 Bf4 60. Kg2
a4 61. Rb5 Kd4 62. Rxb6 Kxc4 63. h6 Kc3 64. h7 Be5 65. a3 g3 66. Rb4 1-0

[Event "DEM U18 2013"]
[Site "Oberhof GER"]
[Date "2013.05.24"]
[Round "8"]
[White "Schreiner, Till"]
[Black "Stahnecker, Ludwig"]
[Result "1/2-1/2"]
[Termination "normal"]
[Board "3"]
[WhiteElo "2280"]
[BlackElo "2109"]
[PlyCount "117"]
[WhiteFideId "24675555"]
[BlackFideId "24692026"]
[EventCountry "GER"]
[EventRounds "9"]
[EventType "swiss"]
[EventDate "2013.05.18"]

1. d4 d5 2. c4 e6 3. Nc3 c6 4. e3 Nf6 5. Nf3 Nbd7 6. Qc2 Bd6 7. Bd3 dxc4 8.
Bxc4 b5 9. Bd3 Bb7 10. O-O O-O 11. a3 Qe7 12. Ng5 Bxh2+ 13. Kxh2 Ng4+ 14. Kg1
Qxg5 15. f3 Ngf6 16. e4 Qh4 17. Be3 e5 18. Ne2 Nh5 19. Qd2 h6 20. Bf2 Qg5 21.
Qxg5 hxg5 22. Rac1 a6 23. Rfd1 Rac8 24. Bb1 Nhf6 25. g4 exd4 26. Nxd4 Ne5 27.
Nf5 Rcd8 28. Ne7+ Kh8 29. Kg2 g6 30. Be3 Nh7 31. Ba2 Kg7 32. Bc5 Nd3 33. Nxc6
Bxc6 34. Bxf8+ Nxf8 35. Rxd3 Rxd3 36. Rxc6 Rd2+ 37. Kg3 Rxb2 38. Bd5 Nd7 39.
Rc7 Ne5 40. f4 gxf4+ 41. Kxf4 Nd3+ 42. Ke3 Ne5 43. Kd4 Nxg4 44. Rxf7+ Kh6 45.
Ra7 b4 46. a4 Rd2+ 47. Kc5 Nf6 48. Rxa6 Nxd5 49. exd5 Kg5 50. Rb6 Kf5 51. Rxb4
Ke5 52. Rb5 g5 53. Kc6 g4 54. Rc5 g3 55. Rc1 Ra2 56. d6 Rxa4 57. d7 Rd4 58. Kc7
Kf4 59. Rg1 1/2-1/2

[Event "DEM U18 2013"]
[Site "Oberhof GER"]
[Date "2013.05.24"]
[Round "8"]
[White "Noe, Christopher"]
[Black "Kügel, Tobias"]
[Result "1-0"]
[Termination "normal"]
[Board "4"]
[WhiteElo "2231"]
[BlackElo "2067"]
[PlyCount "39"]
[WhiteFideId "24692018"]
[BlackFideId "4636295"]
[EventCountry "GER"]
[EventRounds "9"]
[EventType "swiss"]
[EventDate "2013.05.18"]

1. Nf3 Nf6 2. g3 g6 3. Bg2 Bg7 4. O-O d5 5. d3 O-O 6. Nbd2 c6 7. e4 Bg4 8. h3
Bxf3 9. Qxf3 dxe4 10. dxe4 Nbd7 11. Nb3 Qc7 12. Qe2 Rfd8 13. Be3 Qe5 14. c3 Qh5
15. g4 Qb5 16. Qxb5 cxb5 17. Na5 b6 18. Nc6 Re8 19. e5 Nxe5 20. Nxe5 1-0

[Event "DEM U18 2013"]
[Site "Oberhof GER"]
[Date "2013.05.24"]
[Round "8"]
[White "Moritz, Aron"]
[Black "Powierski, Emil"]
[Result "0-1"]
[Termination "normal"]
[Board "5"]
[WhiteElo "2192"]
[BlackElo "2178"]
[PlyCount "90"]
[WhiteFideId "24672319"]
[BlackFideId "4656199"]
[EventCountry "GER"]
[EventRounds "9"]
[EventType "swiss"]
[EventDate "2013.05.18"]

1. e4 c5 2. Nf3 d6 3. d4 cxd4 4. Nxd4 Nf6 5. Nc3 a6 6. Be3 e5 7. Nb3 Be7 8. h3
Be6 9. Qf3 Nbd7 10. g4 h6 11. O-O-O Rc8 12. Nd5 Bxd5 13. exd5 Nb6 14. Bxb6 Qxb6
15. Kb1 Qb4 16. c4 a5 17. a3 Qb6 18. Nc1 e4 19. Qf4 Qc7 20. Be2 O-O 21. h4 b5
22. cxb5 Qc2+ 23. Ka2 Rc5 24. Qd2 Rfc8 25. Nb3 Rxd5 26. Qxc2 Rxc2 27. Nd4 Rxd4
28. Rxd4 Rxe2 29. g5 Nd7 30. Rc1 hxg5 31. hxg5 Bxg5 32. Rc8+ Kh7 33. Rxd6 Bf6
34. a4 Rxb2+ 35. Ka3 Be7 36. Kxb2 Bxd6 37. Kc3 Be5+ 38. Kd2 Nb6 39. Re8 f6 40.
Re6 Nxa4 41. b6 Nc5 42. Rc6 Bd4 43. Rc7 a4 44. b7 Nxb7 45. Rxb7 a3 0-1

[Event "DEM U18 2013"]
[Site "Oberhof GER"]
[Date "2013.05.24"]
[Round "8"]
[White "Müller, Nick"]
[Black "Gibicar, Danijel"]
[Result "0-1"]
[Termination "normal"]
[Board "6"]
[WhiteElo "2082"]
[BlackElo "2134"]
[PlyCount "86"]
[WhiteFideId "24692093"]
[BlackFideId "24660256"]
[EventCountry "GER"]
[EventRounds "9"]
[EventType "swiss"]
[EventDate "2013.05.18"]

1. d4 Nf6 2. Nf3 g6 3. Nc3 d5 4. Bf4 c6 5. e3 Bg7 6. Be2 Qb6 7. Qd2 a5 8. Ne5
Nfd7 9. Nxd7 Nxd7 10. O-O O-O 11. Rab1 e5 12. dxe5 Nxe5 13. Kh1 Bf5 14. h3 Rfe8
15. g4 Be6 16. Qd4 c5 17. Qa4 d4 18. exd4 cxd4 19. Qb5 Qc6+ 20. Qxc6 Nxc6 21.
Ne4 Bxa2 22. Bf3 Bxb1 23. Rxb1 Ne5 24. Bxe5 Rxe5 25. b4 Rae8 26. bxa5 Rxe4 27.
Bxe4 Rxe4 28. Rxb7 Re1+ 29. Kg2 Ra1 30. Rb5 Ra2 31. Rc5 Bf8 32. Rc4 Rxa5 33.
Rxd4 Ra2 34. Rc4 Ra5 35. Rc8 Rc5 36. Rxc5 Bxc5 37. f4 f5 38. Kf3 Kf7 39. c4 Ke6
40. Ke2 Bd6 41. Ke3 Bc5+ 42. Kf3 Bd4 43. Kg3 Bf6 0-1

[Event "DEM U18 2013"]
[Site "Oberhof GER"]
[Date "2013.05.24"]
[Round "8"]
[White "Göbel, Constantin"]
[Black "Stanau, Guido"]
[Result "1/2-1/2"]
[Termination "normal"]
[Board "7"]
[WhiteElo "2245"]
[BlackElo "2055"]
[PlyCount "52"]
[WhiteFideId "24647071"]
[BlackFideId "24692255"]
[EventCountry "GER"]
[EventRounds "9"]
[EventType "swiss"]
[EventDate "2013.05.18"]

1. e4 e6 2. d4 d5 3. Nc3 dxe4 4. Nxe4 Bd7 5. Bd3 Bc6 6. Nf3 Nd7 7. Qe2 Ngf6 8.
Bd2 Be7 9. O-O O-O 10. Rfe1 Bxe4 11. Bxe4 Nxe4 12. Qxe4 c6 13. c4 Qb6 14. Qc2
Bb4 15. Rad1 Rac8 16. Re3 Bxd2 17. Qxd2 Rfd8 18. Rb3 Qc7 19. Qg5 h6 20. Qe3 Nb6
21. Ne5 c5 22. Rbd3 cxd4 23. Rxd4 Rxd4 24. Rxd4 Rd8 25. b3 Rxd4 26. Qxd4 f6
1/2-1/2

[Event "DEM U18 2013"]
[Site "Oberhof GER"]
[Date "2013.05.24"]
[Round "8"]
[White "Neumair, Jerome"]
[Black "Hacker, Jonas"]
[Result "0-1"]
[Termination "normal"]
[Board "8"]
[WhiteElo "2098"]
[BlackElo "1965"]
[PlyCount "110"]
[WhiteFideId "24672637"]
[BlackFideId "1270968"]
[EventCountry "GER"]
[EventRounds "9"]
[EventType "swiss"]
[EventDate "2013.05.18"]

1. d4 d5 2. c4 c6 3. Nf3 Nf6 4. Qc2 a6 5. g3 b5 6. b3 Bg4 7. Nbd2 e6 8. Bg2 Bf5
9. Qc3 Nbd7 10. Nh4 Bg4 11. c5 Be7 12. f4 Bf5 13. Nxf5 exf5 14. O-O a5 15. a4
b4 16. Qc2 g6 17. Nf3 Qc7 18. Ne5 h5 19. h4 Ng4 20. Nxg4 hxg4 21. Be3 Bf6 22.
Rad1 Bg7 23. Kf2 Nf6 24. Ke1 Kd7 25. Bf2 Rae8 26. Kd2 Rxh4 27. gxh4 Qxf4+ 28.
e3 Qh2 29. Kc1 Qxg2 30. Rg1 Qf3 31. Rg3 Qe4 32. Qe2 Ra8 33. Rgg1 f4 34. Qd3 f3
35. Bg3 Qxd3 36. Rxd3 Ne4 37. Bf4 f5 38. Rdd1 Bf6 39. Rh1 Nf2 40. Bg3 Nxd1 41.
Kxd1 Rh8 42. Rh2 Bd8 43. Ke1 Bc7 44. Kf2 Bxg3+ 45. Kxg3 Rh5 46. Rf2 Ke6 47. Rc2
Kf6 48. e4 fxe4 49. Kxg4 Rf5 50. Rf2 e3 51. Rxf3 Rxf3 52. Kxf3 Kf5 53. Kxe3 Kg4
54. Kf2 Kxh4 55. Kf3 g5 0-1

[Event "DEM U18 2013"]
[Site "Oberhof GER"]
[Date "2013.05.24"]
[Round "8"]
[White "Grigorian, Spartak"]
[Black "Perestjuk, Marko"]
[Result "1/2-1/2"]
[Termination "normal"]
[Board "9"]
[WhiteElo "2131"]
[BlackElo "2025"]
[PlyCount "80"]
[WhiteFideId "24661490"]
[BlackFideId "1270254"]
[EventCountry "GER"]
[EventRounds "9"]
[EventType "swiss"]
[EventDate "2013.05.18"]

1. d4 d5 2. c4 e6 3. Nc3 c6 4. Nf3 dxc4 5. a4 Bb4 6. e3 b5 7. Bd2 a5 8. axb5
Bxc3 9. Bxc3 cxb5 10. b3 Bb7 11. bxc4 b4 12. Bb2 Nf6 13. Bd3 Nbd7 14. O-O O-O
15. Re1 Ne4 16. Qc2 f5 17. c5 Qc7 18. Bb5 Bc6 19. Ba4 Bxa4 20. Qxa4 Rfc8 21.
Rec1 Qc6 22. Qb3 Rcb8 23. Ra4 Ra6 24. Qa2 Rba8 25. Qa1 Qb5 26. h4 Qe2 27. Rf1
Qc2 28. Ra2 Qc4 29. Rc1 Qe2 30. Rf1 Qc4 31. Rc1 Qe2 32. Rf1 a4 33. d5 b3 34.
dxe6 Ndxc5 35. Nd4 Qh5 36. Ra3 Nd3 37. Qb1 Nb4 38. Qc1 Nd3 39. Qb1 Nb4 40. Qc1
Nd3 1/2-1/2

[Event "DEM U18 2013"]
[Site "Oberhof GER"]
[Date "2013.05.24"]
[Round "8"]
[White "Hebbering, Tom Elliot"]
[Black "Mundorf, Johannes"]
[Result "1/2-1/2"]
[Termination "normal"]
[Board "11"]
[WhiteElo "2002"]
[BlackElo "2216"]
[PlyCount "44"]
[WhiteFideId "12901750"]
[BlackFideId "24672491"]
[EventCountry "GER"]
[EventRounds "9"]
[EventType "swiss"]
[EventDate "2013.05.18"]

1. d4 e6 2. c4 Bb4+ 3. Bd2 a5 4. g3 d6 5. Nf3 Nc6 6. Bg2 e5 7. O-O exd4 8. Bxb4
axb4 9. Nxd4 Nxd4 10. Qxd4 Nf6 11. Rd1 Ra6 12. a3 O-O 13. Qd2 c5 14. b3 Qe7 15.
Qb2 Re8 16. axb4 Rxa1 17. Qxa1 Qxe2 18. Nc3 Qc2 19. Rc1 Qd2 20. Rd1 Qc2 21. Rc1
Qd2 22. Rd1 Qc2 1/2-1/2

[Event "DEM U18 2013"]
[Site "Oberhof GER"]
[Date "2013.05.24"]
[Round "8"]
[White "Ehret, Thomas"]
[Black "Giraud, Valerian"]
[Result "1/2-1/2"]
[Termination "normal"]
[Board "12"]
[WhiteElo "2030"]
[BlackElo "1977"]
[PlyCount "43"]
[WhiteFideId "12939587"]
[BlackFideId "12920355"]
[EventCountry "GER"]
[EventRounds "9"]
[EventType "swiss"]
[EventDate "2013.05.18"]

1. e4 e6 2. d4 d5 3. e5 c5 4. c3 Bd7 5. Nf3 Nc6 6. a3 f6 7. exf6 Nxf6 8. Bd3
Bd6 9. O-O Qc7 10. h3 O-O 11. Nbd2 e5 12. dxe5 Nxe5 13. Nxe5 Bxe5 14. Nf3 Bd6
15. Bg5 Rae8 16. Bc2 Bc6 17. Bb3 Qf7 18. Bxf6 gxf6 19. Qd2 Rd8 20. Qh6 Kh8 21.
Nh4 Rg8 22. Bd1 1/2-1/2

[Event "DEM U18 2013"]
[Site "Oberhof GER"]
[Date "2013.05.24"]
[Round "8"]
[White "Sieber, Martin"]
[Black "Miller, Eduard"]
[Result "0-1"]
[Termination "normal"]
[Board "13"]
[WhiteElo "1865"]
[BlackElo "2137"]
[PlyCount "108"]
[WhiteFideId "4649060"]
[BlackFideId "24687022"]
[EventCountry "GER"]
[EventRounds "9"]
[EventType "swiss"]
[EventDate "2013.05.18"]

1. c4 c5 2. Nc3 Nc6 3. g3 g6 4. Bg2 Bg7 5. Nf3 e6 6. O-O Nge7 7. e3 Nf5 8. a3
O-O 9. Rb1 Qe7 10. d3 b6 11. Bd2 Bb7 12. Na2 d5 13. cxd5 exd5 14. b4 Rac8 15.
bxc5 bxc5 16. Qb3 Ba6 17. Rfc1 Rfd8 18. Ne1 Qd6 19. Qa4 Ne5 20. Qc2 Qe6 21. Ba5
Rd6 22. Bh3 c4 23. d4 Nc6 24. Bc3 Re8 25. Nb4 Nxe3 26. Bxe6 Nxc2 27. Nexc2 Nxb4
28. Bxf7+ Kxf7 29. Bxb4 Rd7 30. Bc5 Bf8 31. Bxf8 Kxf8 32. Re1 Rxe1+ 33. Rxe1
Bb5 34. Rb1 Ba4 35. Ne3 Ke7 36. Nd1 Bxd1 37. Rxd1 Rb7 38. Kf1 Kd6 39. a4 Rb3
40. Ke2 Ra3 41. Rb1 Kc6 42. Rb8 Rd3 43. Rc8+ Kb7 44. Rh8 Rxd4 45. Rxh7+ Kb6 46.
Ke3 Re4+ 47. Kd2 d4 48. Rd7 Kc6 49. Rxa7 d3 50. Ra8 Re2+ 51. Kd1 Rxf2 52. Rd8
Rxh2 53. Rd4 Kc5 54. Rg4 c3 0-1